000 00324nam a2200109Ia 4500
008 220630s9999 xx 000 0 und d
020 _a978-0-620-23077-3
082 _aR 323.490968 SOUT
100 _aSOUTH AFRICA TRUTH AND RECONCILATION
_9155669
245 0 _aTRUTH AND RECONCILATION COMMISSION OF SOUTH AFRICA
942 _cBK
_y561
_zJohn Tresidder
999 _c85819
_d85818